00985nam a22002297a 4500003000400000005001700004008004100021040002200062082002200084100003100106245002000137260003900157300001800196505007400214505012100288505007100409505010200480650004100582650004400623650004500667651004300712OSt20230823093252.0221006b |||||||| |||| 00| 0 eng d cBiblioteca Lado V a306.440.89bL374c aLaughlin, Nicholaseeditor aCaribbean Beat/ c2012bCaribbean AirlinesaEspaña c21x28cma96p. aDATEBOOK WORD OF MOUTH UP NEXT THE LOOK BOOKSHELF COOKUPtEMBARK aALL THE RIGHT MOVES A WORLD TO CHANGE FAMILY TIES "I WANT TO WRITE POETRY THAT IS ALIVE" TIME WILL TELLtIMMERSE aLONDON IS THE PLACE THE HOLES IN HISTORY UNLIKELY ISLANDtARRIVE aTHE RIGHT TO READ RIVER OF BLOOD PUZZLES ONBOARD ENTERTAIMENT READER´S CHOICE AWARDStENGAGE 2Tesauro de Arte & ArquitecturaaARTE 2Tesauro de Arte & ArquitecturaaCULTURA 2Tesauro de Arte & ArquitecturaaHISTORIA 2Tesauro de Arte & ArquitecturaaCARIBE